Central Library OPAC University of Rajshahi

The works of Edgar Allan Poe: (Record no. 17638)

MARC details
000 -LEADER
fixed length control field 00889cam a22002531 4500
001 - CONTROL NUMBER
control field 17638
003 - CONTROL NUMBER IDENTIFIER
rucl marc code BD-RjUL
005 - DATE AND TIME OF LATEST TRANSACTION
control field 20211209000154.0
008 - FIXED-LENGTH DATA ELEMENTS--GENERAL INFORMATION
fixed length control field 140217s19481927enkc b 000 0 eng
035 ## - SYSTEM CONTROL NUMBER
System control number (BD-RjUL)17696
System control number (OCoLC)3491412
040 ## - CATALOGING SOURCE
Original cataloging agency DLC
Transcribing agency NcRS
Modifying agency NcRS
-- OCoLC
-- DLC
Language of cataloging eng
041 ## - LANGUAGE CODE
Language code of text/sound track or separate title eng
082 ## - DEWEY DECIMAL CLASSIFICATION NUMBER
Classification number 811.3
Author mark and year POP 1948
100 1# - MAIN ENTRY--PERSONAL NAME
Personal name Poe, Edgar Allan,
Dates associated with a name 1809-1849.
9 (RLIN) 54384
245 14 - TITLE STATEMENT
Title The works of Edgar Allan Poe:
Remainder of title the poems & three essays on poetry /
Statement of responsibility, etc. edited by R. Brimley Johnson; Narrative of Arthur Gordon Pym, Miscellanies.
260 ## - PUBLICATION, DISTRIBUTION, ETC. (IMPRINT)
Place of publication, distribution, etc. London :
Name of publisher, distributor, etc. Oxford University Press,
-- Milford,
Date of publication, distribution, etc. C1927.[reprinting 1948]
300 ## - PHYSICAL DESCRIPTION
Pagination vii, 570 p. :
Illustrations port. ;
Size 19 cm.
504 ## - BIBLIOGRAPHY, ETC. NOTE
Bibliography, etc Bibliography: p. [139]-148.
700 1# - ADDED ENTRY--PERSONAL NAME
Personal name Johnson, R. Brimley
Fuller form of name (Reginald Brimley),
Dates associated with a name 1867-1932,
Relator term ed.
942 ## - ADDED ENTRY ELEMENTS (KOHA)
Source of classification or shelving scheme Dewey Decimal Classification
Koha item type Books
Holdings
Lost status Source of classification or shelving scheme Damaged status Not for loan Collection code Permanent Location Current Location Shelving location Date acquired Source of acquisition Cost, normal purchase price Total Checkouts Full call number Date last seen Copy number Koha item type
  Dewey Decimal Classification   Not For Loan Fiction Central Library, University of Rajshahi Central Library, University of Rajshahi Reading Room 04/03/1955 N/A 0.00   811.3 POP 1948 17/02/2014 C-1 Books